| 000 | 00631nam a2200205Ia 4500 | ||
|---|---|---|---|
| 003 | GCL | ||
| 008 | 140319s9999 xx 000 0 ara d | ||
| 040 |
_aGCL / _cGCL |
||
| 082 | 0 | 4 |
_a110 _bك أ |
| 100 | 1 | _aشفيق اسعد فريد | |
| 245 | 1 | 0 |
_aالانسان ذلك المجهول / _cشفيق اسعد فريد |
| 700 | 1 | _aكاريل، الكيس | |
| 250 | _aالاولى | ||
| 260 |
_aبيروت : _bمكتبة المعارف ، _c1989 |
||
| 300 |
_a359 ص ؛ _c24سم |
||
| 650 | 0 | 4 | _aالعلوم الاجتماعية |
| 650 | 0 | 4 | _aالانسانيات |
| 650 | 0 | 4 | _aالانثربولوجيا |
| 942 |
_2ddc _cBK |
||
| 999 |
_c35480 _d35480 |
||